Platería sudamericana

Spremljeno u:
Bibliografski detalji
Glavni autor: Taullard, A. (Autor)
Format: Knjiga
Jezik:španjolski
Izdano: Buenos Aires Jacobo Peuser Ltda. 1941
Izdanje:1a. ed
Teme:
Oznake: Dodaj oznaku
Bez oznaka, Budi prvi tko označuje ovaj zapis!

MARC

LEADER 00000nam a2200000 a 4500
001 UCJ6417
003 CL-VaPUC
008 070124e19410930AG |||||||||||||||||spa|d
082 0 4 |a 739  |b TAU  |2 21 
100 0 |a Taullard, A.  |e author  |9 513035 
245 1 0 |a Platería sudamericana 
250 |a 1a. ed 
300 |a 285 p 
942 |c BK 
945 |d 20070124 00:00:00  |a rinostro 
260 |a Buenos Aires  |b Jacobo Peuser Ltda.  |c 1941 
500 |a Folio.- Anteport.- v. en b.- Portada a dos tintas, orlada.- v.: edición numerada, ejemplar N§ 696; derechos de propiedad.- Excelentes ilustraciones, todas conforme al índice 
600 0 7 |a ELOY, OBISPO  |2 CL-VaPUC  |9 513036 
650 0 |a Arte precolombino  |9 330955 
650 7 |a PLATERIA  |2 CL-VaPUC  |9 477723 
650 0 |a Minería  |9 326008 
650 7 |a ORO  |2 CL-VaPUC  |9 324927 
650 7 |a PLATA  |2 CL-VaPUC  |9 366741 
650 0 |a Cobre  |9 255767 
650 0 |a Vajilla  |9 508308 
650 7 |a TINTEROS  |2 CL-VaPUC  |9 513037 
650 7 |a MATE  |2 CL-VaPUC  |9 513038 
650 0 |a Aperos de montar   |9 513039 
650 7 |a GAUCHOS  |2 CL-VaPUC  |9 317962 
650 7 |a BOLEADORAS  |2 CL-VaPUC  |9 513040 
650 7 |a PLATEROS  |2 CL-VaPUC  |9 513041 
650 0 |a Artesanía  |9 353181 
650 7 |a ORFEBRERIA  |2 CL-VaPUC  |9 268783 
650 0 |a Esclavos  |9 258558 
650 7 |a TRABAJO INDIGENA  |2 CL-VaPUC  |9 513042 
650 7 |a IMPUESTOS Y GABELAS  |2 CL-VaPUC  |9 513043 
650 7 |a SANTOS PATRONOS  |2 CL-VaPUC  |9 508899 
650 0 |a Ilustraciones  |9 369481 
651 0 |a Argentina  |9 254888 
651 0 |a Bolivia  |9 255454 
651 0 |a Perú  |9 256567 
651 7 |a CHILE  |2 CL-VaPUC  |9 513044 
583 |a last modification  |c 20070124 00:00:00  |k Rodrigo Vera 
999 |c 322522  |d 322520 
952 |0 0  |1 0  |4 0  |6 739_000000000000000_TAU_1941  |7 0  |8 X  |9 401529  |a FDOBUD  |b FDOBUD  |d 2019-11-22  |i 1047752  |o 739 TAU 1941  |p 1047752  |r 2019-11-22  |w 2019-11-22  |y BK_X  |k BUD